An Introduction to General Linguistics

Gespeichert in:
Bibliographische Detailangaben
1. Verfasser: Dinneen, Francis P.
Format: Buch
Sprache:Undetermined
Veröffentlicht: New York, Estados Unidos Holt, Rinehart and Winston 1967
Schlagworte:
Tags: Tag hinzufügen
Keine Tags, Fügen Sie den ersten Tag hinzu!

MARC

LEADER 00000nam a2200000Ia 4500
008 170316s9999 xx 000 0 und d
090 |a 410 D-7a 
100 |a Dinneen, Francis P. 
245 3 |a An Introduction to General Linguistics 
260 |a New York, Estados Unidos 
260 |b Holt, Rinehart and Winston 
260 |c 1967 
300 |a 452 páginas 
650 |a LINGÜÍSTICA 
999 |c 18347  |d 18347 
040 |a cru BVZT 
942 |c 15 D  |h 410 D-7a  |2 z